| 000 | 00559nam a22001817a 4500 | ||
|---|---|---|---|
| 003 | DO-SdBNP | ||
| 005 | 20161017100342.0 | ||
| 008 | 161017b2002 pe||||| |||| 00| 0 spa d | ||
| 020 | _a9993487392 | ||
| 040 |
_aBPMSU _bspa _cBPMSU |
||
| 245 |
_aAtlas de la República Dominicana y del mundo _cMargarita Castro Catrain, Marcos Morales Váldez |
||
| 260 |
_aSanto Domingo : _bSantillana , _c2002 |
||
| 300 |
_a136 p. : _bil. : _c32 cm |
||
| 700 | _aCastro Catrain, Margarita | ||
| 700 | _aMorales Váldez, Marcos | ||
| 942 |
_2ddc _cBK |
||
| 956 | _adgarcia | ||
| 999 |
_c11571 _d11571 |
||